Statystyki dla Najwięcej zwycięstw w konkursach Pucharu Świata w skokach

Kliknij tutaj aby rozwiązać quiz!

Ogólne statystyki

  • Ten quiz został rozwiązany 430 razy
  • Średni wynik to 12 z 21

Statystyki odpowiedzi

Liczba zwycięstwZawodnik% Poprawnych
33Kamil Stoch
99%
39Adam Małysz
98%
36Janne Ahonen
84%
53Gregor Schlierenzauer
82%
22Peter Prevc
79%
16Stefan Kraft
73%
23Thomas Morgenstern
72%
17Noriaki Kasai
68%
23Simon Ammann
64%
46Matti Nykänen
63%
22Severin Freund
63%
28Martin Schmitt
58%
18Sven Hannawald
47%
20Andreas Goldberger
41%
15Primož Peterka
39%
33Jens Weißflog
38%
15Kazuyoshi Funaki
35%
16Matti Hautamäki
23%
25Andreas Felder
21%
18Andreas Widhölzl
10%
15Ernst Vettori
6%

Rozkład punktacji

Percentyl według liczby udzielonych odpowiedzi

Procent ludzi z każdym wynikiem

Twoja historia wyników

Nie rozwiązałeś tego quizu